Raktham Puranda Mantharikal_Malayalam (Record no. 38148)
[ view plain ]
| 000 -LEADER | |
|---|---|
| fixed length control field | 01887nam a22001697a 4500 |
| 082 ## - DEWEY DECIMAL CLASSIFICATION NUMBER | |
| Classification number | 920 VAS |
| 100 ## - MAIN ENTRY--AUTHOR NAME | |
| Personal name | Vasudevan Nair M T |
| 245 ## - TITLE STATEMENT | |
| Title | Raktham Puranda Mantharikal_Malayalam |
| 250 ## - EDITION STATEMENT | |
| Edition statement | 1 |
| 260 ## - PUBLICATION, DISTRIBUTION, ETC. (IMPRINT) | |
| Name of publisher | Current Books |
| Place of publication | Thrissur |
| Year of publication | 2023 |
| 300 ## - PHYSICAL DESCRIPTION | |
| Number of Pages | Number of pages : 200 |
| 520 ## - SUMMARY, ETC. | |
| Summary, etc | เดฎเดฒเดฏเดพเดณเดเดฅเดฏเตเดเตเดเต เดฎเดจเตเดทเตเดฏเดฎเดจเดธเตเดธเดฟเดฒเตเดเตเดเตเดณเตเดณ เดตเดพเดเตเดเตเดเดณเตเดเต เดชเตเดฐเดเดพเดถเดเดพเดฒเดเดเตเดเดณเตโ เดชเดฃเดฟเดค เดเดฅเดเดณเดพเดฃเต เด เดชเตเดธเตโเดเดคเตเดคเดฟเดฒเตโ. เดฎเดฒเดฏเดพเดณเดฟเดฏเตเดเต เดเดจเตเดจเดคเตเดคเตเดฏเตเด เดตเดฒเดฟเดฏ เดเดฅเดพเดเดพเดฐเดจเดพเดฏ เดเด.เดเดฟเดฏเต เดธเดนเตเดฆเดฏเดนเตเดฆเดฏเดเตเดเดณเดฟเดฒเตโ เดชเตเดฐเดคเดฟเดทเตเด เดฟเดเตเด เดเดฆเตเดฏเดเดพเดฒเดเดฅเดเดณเตโ. เดเตเดตเดฟเดคเด เดจเดฒเตโเดเดฟเดฏ เดเดทเตเดฃเด เดเตเดเดฟเดเตเดเต เด เดจเตเดคเดฐเตโเดฎเตเดเดฐเดพเดฏเดฟเดชเตเดชเตเดฏ เดฎเดจเตเดทเตเดฏเดฐเดพเดฃเต เด เดเดฅเดเดณเดฟเดฒเตโ. เดเดจเตเดจเดพเดฒเตโ เด เดตเดฐเตโ เดฎเดจเดธเตเดธเตเดคเตเดฑเดเตเดเตเดฎเตเดชเตเดณเตโ เดฎเดจเตเดทเตเดฏเดฌเดจเตเดงเดเตเดเดณเตเดเต เดฎเดนเดพเดฐเดนเดธเตเดฏเดเตเดเดณเตโ เดเดฃเตเดเต เดจเดพเด เด เดฆเตเดญเตเดคเดชเตเดชเตเดเตเดจเตเดจเต. เดตเดพเดฏเดจเดฏเต เดตเดฒเดฟเดฏ เด เดจเตเดเตเดฐเดนเดฎเดพเดเตเดเตเดจเตเดจ เดชเดคเดฟเดจเดพเดฑเต เดเดฅเดเดณเตโ. เดฐเดเตเดคเด เดชเตเดฐเดฃเตเด เดฎเดฃเตโเดคเดฐเดฟเดเดณเตโ, เดตเตเดฏเดฟเดฒเตเด เดจเดฟเดฒเดพเดตเตเด, เดตเตเดฆเดจเดฏเตเดเต เดชเตเดเตเดเดณเตโ เดเดจเตเดจเต เดฎเตเดจเตเดจเต เดชเตเดธเตเดคเดเดเตเดเดณเดฟเดฒเดพเดฏเดฟ เดธเดฎเดพเดนเดฐเดฟเดเตเดเดฟเดฐเตเดจเตเดจ เดเดฅเดเดณเตโ เดเดฑเตเดฑเดชเตเดชเตเดธเตเดคเดคเตเดคเดฟเดฒเตโ. |
| 546 ## - LANGUAGE NOTE | |
| Language note | Language : Malayalam |
| 650 ## - SUBJECT ADDED ENTRY--TOPICAL TERM | |
| Topical Term | GEN |
| 942 ## - ADDED ENTRY ELEMENTS (KOHA) | |
| Koha item type | Text Book |
| 952 ## - LOCATION AND ITEM INFORMATION (KOHA) | |
| Damaged status | |
| Not for loan | |
| Withdrawn status | Collection code | Permanent Location | Current Location | Date acquired | Source of acquisition | Cost, normal purchase price | Inventory number | Full call number | Accession Number | Price effective from | Koha item type |
|---|---|---|---|---|---|---|---|---|---|---|---|
| GENERAL | VAST Central Library | VAST Central Library | 28/11/2025 | Minerva Books | 280.00 | 90 | 920 VAS | 38295 | 22/12/2025 | Text Book |